00886nam a2200241Ia 4500001000600000003000900006008004100015040001300056040001300069041001300082100002000095100002900115245006800144245003900212250001100251260001100262260001800273260004900291300005800340500017400398650004100572650003100613 5019IT-RoPAU130308s9999 xx 000 0 und d aIT-RoPAU cIT-RoPAU aITALIANO aBarile Giuseppe gCodice Aut. SPICS: 9546 aAnalisi economiche della produzione di conoscenza: una rassegna bEconomia e Politica dei Mass Media a1a ed. aMILANO bAngeli Franco c1979 [1° Ed.:1979 - Ed.Ling.Originale:1979] a"39 p. (prefazione: no ; testo: 39 [pagine: 94-132])" aSchema Generale di classificazione Teoria dei beni pubblici e Televisione Sovranità e servitù del consumatore Produzione per Il Profitto e Produzione di Senso Comune aPOLITICA DELLA COMUNICAZIONE SOCIALE eCodice materia Spics: 3803